[Event "94th ch-GBR"]
[Site "Great Yarmouth ENG"]
[Date "2007.08.03"]
[Round "5"]
[White "Howell,D"]
[Black "Adams,D"]
[Result "1-0"]
[WhiteElo "2519"]
[BlackElo "2234"]
[EventDate "2007.07.30"]

1. d4 d5 2. c4 c6 3. Nc3 Nf6 4. Nf3 g6 5. Bf4 Bg7 6. e3 O-O 7. h3 b6 8. Be2
Bb7 9. Rc1 Ne8 10. O-O Na6 11. cxd5 cxd5 12. Nb5 Nd6 13. Nxd6 exd6 14. Qa4
Nc7 15. Qa3 Ne8 16. Bb5 Bf6 17. Bc6 Bxc6 18. Rxc6 Kg7 19. Qb3 Be7 20. Qxd5
Nc7 21. Qc4 Ne6 22. Bg3 d5 23. Qa6 Re8 24. Rfc1 Ng5 25. Be5+ Kg8 26. Nxg5
Bxg5 27. Qb7 f6 28. Rc7 Bh6 29. Rxh7 1-0

[Event "94th ch-GBR"]
[Site "Great Yarmouth ENG"]
[Date "2007.08.03"]
[Round "5"]
[White "James,R"]
[Black "Ciuksyte,D"]
[Result "0-1"]
[WhiteElo "2238"]
[BlackElo "2426"]
[EventDate "2007.07.30"]

1. d4 Nf6 2. Nf3 e6 3. e3 c5 4. c4 cxd4 5. exd4 d5 6. Nc3 Nc6 7. cxd5 Nxd5
8. Bd3 Be7 9. O-O O-O 10. Re1 Nf6 11. a3 b6 12. Bc2 Bb7 13. Qd3 g6 14. Bh6
Re8 15. Rad1 Nd5 16. Ne4 Nf6 17. Nc3 Nd5 18. Ne4 Rc8 19. Ba4 a6 20. Ne5 b5
21. Bb3 Na5 22. Ba2 Bf8 23. Qh3 Bxh6 24. Qxh6 Qe7 25. Rd3 Qf8 26. Qd2 Nc4
27. Bxc4 bxc4 28. Rh3 Rc7 29. Ng4 f6 30. Rf3 f5 31. Nh6+ Kg7 32. Nc5 Rxc5
33. dxc5 Qxc5 34. Rh3 Nf6 35. Rg3 Qd5 36. Qf4 Nh5 37. Nxf5+ exf5 38. Qc7+
Kh6 0-1

[Event "94th ch-GBR"]
[Site "Great Yarmouth ENG"]
[Date "2007.08.03"]
[Round "5"]
[White "Buckley,G"]
[Black "Anderton,M"]
[Result "1-0"]
[WhiteElo "2379"]
[BlackElo "2229"]
[EventDate "2007.07.30"]

1. d4 e6 2. e4 d5 3. e5 c5 4. c3 Nc6 5. Nf3 Nge7 6. Bd3 cxd4 7. cxd4 Nf5 8.
Bc2 Qb6 9. Bxf5 exf5 10. O-O Be6 11. Nc3 Be7 12. Ne2 h6 13. h4 g6 14. Rb1
Rc8 15. b4 Qd8 16. Qa4 a6 17. b5 Qa5 18. Qb3 axb5 19. Qxb5 Qxb5 20. Rxb5
Rc7 21. Bd2 Na7 22. Rb6 Nc8 23. Rb2 b6 24. Nc3 Rc4 25. Rfb1 g5 26. hxg5
hxg5 27. Nb5 f4 28. Nd6+ Nxd6 29. exd6 Bxd6 30. Rxb6 Bc7 31. Ra6 Kd7 32.
Ba5 f6 33. Bxc7 Rxc7 34. Nd2 Bf5 35. Re1 Rc6 36. Ra5 Kd6 37. Nb3 g4 38. Nc5
Rb6 39. Ra7 f3 40. Rf7 Rh6 41. Nb7+ Kc6 42. Rc1+ Kb5 43. Rc3 Re6 44. gxf3
gxf3 45. Rxf3 Be4 46. Rb3+ Kc4 47. f3 Bg6 48. Rc7+ Kxd4 49. Rb4+ Ke5 50.
Kg2 Rh7 51. Rc1 Kf5 52. Kg3 Be8 53. Rd1 Rg7+ 54. Kf2 Bc6 55. Nd8 Rd6 56.
Nxc6 Rxc6 57. Rxd5+ Ke6 58. Rd2 Ra7 59. a4 Rc3 60. Kg3 Ra3 61. Re4+ Kf7 62.
Rdd4 Ra5 63. Rb4 Rf5 64. Rf4 Rxf4 65. Kxf4 Kg6 66. Ke4 Rc3 67. f4 Rc5 68.
Kd4 Ra5 69. Kc4 Rf5 70. Kb3 Rd5 71. Rc4 Kf5 72. Kb4 Rd1 73. a5 Ra1 74. Kb5
Ke6 75. Ra4 Rb1+ 76. Rb4 Ra1 77. Kb6 Kd7 78. a6 Kc8 79. a7 Ra2 80. Rb5 Ra1
81. Rc5+ Kd7 82. Ra5 1-0

[Event "94th ch-GBR"]
[Site "Great Yarmouth ENG"]
[Date "2007.08.03"]
[Round "5"]
[White "Lalic,S"]
[Black "Storey,Ch"]
[Result "1-0"]
[WhiteElo "2350"]
[BlackElo "2218"]
[EventDate "2007.07.30"]

1. e4 c5 2. Nc3 Nc6 3. g3 g6 4. Bg2 Bg7 5. d3 d6 6. Be3 Nf6 7. h3 O-O 8.
Qd2 Rb8 9. f4 Qb6 10. Rb1 Qa6 11. a4 Qa5 12. Nge2 Rd8 13. O-O e6 14. d4 Nh5
15. Kh2 cxd4 16. Nxd4 Nxd4 17. Bxd4 e5 18. b4 Qa6 19. Bxe5 Bxh3 20. Bxg7
Bxg2 21. Kxg2 Nxg7 22. Nd5 Ne8 23. b5 Qxa4 24. Rb4 Qa2 25. f5 Rbc8 26. Rf2
Rd7 27. f6 Rc5 28. Rd4 Rxb5 29. Qh6 Rxd5 30. exd5 Rc7 31. c4 Qa1 32. Re4
Nxf6 33. Rxf6 Rc8 34. Rf2 Rf8 35. Rfe2 Qa4 36. Rh4 1-0

[Event "94th ch-GBR"]
[Site "Great Yarmouth ENG"]
[Date "2007.08.03"]
[Round "5"]
[White "Hanley,Ja"]
[Black "Eggleston,D"]
[Result "1-0"]
[WhiteElo "2213"]
[BlackElo "2330"]
[EventDate "2007.07.30"]

1. e4 c5 2. Nf3 d6 3. d4 cxd4 4. Nxd4 Nf6 5. Nc3 a6 6. Bc4 b5 7. Bb3 e6 8.
Bg5 Be7 9. Qf3 Qd7 10. O-O-O Bb7 11. Qg3 b4 12. Bxf6 bxc3 13. Qxg7 cxb2+
14. Kb1 Bxf6 15. Qxf6 Rg8 16. Nf5 d5 17. Rhe1 Qd8 18. Ng7+ 1-0

[Event "94th ch-GBR"]
[Site "Great Yarmouth ENG"]
[Date "2007.08.03"]
[Round "5"]
[White "Wu,L"]
[Black "Anderson,J"]
[Result "1-0"]
[WhiteElo "2314"]
[BlackElo "2207"]
[EventDate "2007.07.30"]

1. d4 d5 2. c4 c6 3. Nc3 Nf6 4. e3 g6 5. Nf3 Bg7 6. Bd3 O-O 7. O-O dxc4 8.
Bxc4 Bg4 9. h3 Bxf3 10. Qxf3 Nbd7 11. Rd1 e5 12. d5 e4 13. Nxe4 Nxe4 14.
Qxe4 Nf6 15. Qf3 cxd5 16. Bxd5 Nxd5 17. e4 Qf6 18. exd5 Qxf3 19. gxf3 Be5
20. d6 Rad8 21. d7 f6 22. f4 Bb8 23. Be3 Rf7 24. Rac1 Kg7 25. Rc8 Rff8 26.
Bc5 1-0

[Event "94th ch-GBR"]
[Site "Great Yarmouth ENG"]
[Date "2007.08.03"]
[Round "5"]
[White "Walker,Mart"]
[Black "Constantinou,P"]
[Result "0-1"]
[WhiteElo "2262"]
[BlackElo "2173"]
[EventDate "2007.07.30"]

1. e4 d5 2. exd5 Qxd5 3. Nc3 Qa5 4. d4 c6 5. Bc4 Bf5 6. Nf3 e6 7. Bd2 Nf6
8. Qe2 Bb4 9. O-O O-O 10. a3 Bxc3 11. Bxc3 Qc7 12. Bd3 Bxd3 13. Qxd3 Nbd7
14. Rad1 Rfd8 15. b4 b5 16. Bb2 Nb6 17. Nd2 Nfd5 18. Rfe1 a5 19. c3 Qb7 20.
Rc1 Qa6 21. bxa5 Nc4 22. Ba1 Nxd2 23. Qxd2 Qxa5 24. Bb2 Nb6 25. Ra1 Nc4 26.
Qc2 Qa4 27. Re2 Qxc2 28. Rxc2 Ra4 29. Bc1 Rda8 30. Rca2 Kf8 31. Kf1 Nb6 32.
Ke2 Nd5 33. Rc2 Nb6 34. Rca2 Ke7 35. Kd3 Nc4 36. Kc2 h5 37. Kb3 Na5+ 38.
Kc2 Kd6 39. Rb1 Nc4 40. Rba1 Kd5 41. Kd3 Rg8 42. Rb1 Rga8 43. Rba1 g6 44.
Ke2 Na5 45. Rb1 Nc4 46. Rba1 e5 47. dxe5 Nxe5 48. Rd2+ Kc5 49. Rd1 Nc4 50.
Rd7 R8a7 51. Rxa7 Rxa7 52. Bh6 Kd5 53. Bf8 Ne5 54. Rd1+ Kc4 55. Ra1 Nd3 56.
Rd1 Rd7 57. g3 Kxc3 58. Bb4+ Kc4 59. Bf8 Ne5 60. Rc1+ Kb3 61. Bg7 Nc4 62.
Rc3+ Ka4 63. Bf8 Rd8 64. Bc5 Rd5 65. Bf8 g5 66. Rf3 f5 67. h4 g4 68. Rc3
Rd8 69. Bc5 Rd2+ 70. Ke1 Rd5 71. Bf8 Ne5 72. Ke2 Nd7 73. Bh6 c5 74. Be3 c4
75. Bh6 Nc5 76. Re3 Ne4 77. Bg7 Rd2+ 78. Ke1 Rd3 0-1

[Event "94th ch-GBR"]
[Site "Great Yarmouth ENG"]
[Date "2007.08.03"]
[Round "5"]
[White "Kwiatkowski,F"]
[Black "Poobalasingam,P"]
[Result "0-1"]
[WhiteElo "2255"]
[BlackElo "2133"]
[EventDate "2007.07.30"]

1. e4 c5 2. Nf3 d6 3. d4 cxd4 4. Nxd4 Nf6 5. Nc3 Nc6 6. Bg5 Bd7 7. Be2 Qa5
8. Bxf6 gxf6 9. O-O Rg8 10. Nd5 Qd8 11. Kh1 e6 12. Nc3 a6 13. f4 Qb6 14.
Nb3 O-O-O 15. a4 Na5 16. Nxa5 Qxa5 17. Qd4 Qc5 18. Qxf6 Bg7 19. Qxf7 Rdf8
20. Qh5 Qxh5 21. Bxh5 Bc6 22. Rf3 Bxc3 23. Rxc3 Rxf4 24. Bf3 Kd7 25. Rc4 d5
26. Rd1 Ke7 27. Rb4 a5 28. exd5 Rxb4 29. dxc6 bxc6 30. b3 c5 31. Re1 Rd4
32. Be4 h5 33. Bd3 Rf8 34. Kg1 Kd6 35. Re3 e5 36. g3 Re8 37. Be4 c4 38.
bxc4 Rxc4 0-1

[Event "94th ch-GBR"]
[Site "Great Yarmouth ENG"]
[Date "2007.08.03"]
[Round "5"]
[White "Snape,I"]
[Black "Bonafont,P"]
[Result "1/2-1/2"]
[WhiteElo "2255"]
[BlackElo "2098"]
[EventDate "2007.07.30"]

1. c4 c5 2. Nf3 Nc6 3. Nc3 e5 4. g3 g6 5. Bg2 Bg7 6. a3 a5 7. O-O Nge7 8.
Ne1 O-O 9. Nc2 d6 10. Ne3 Be6 11. Ned5 Rb8 12. Rb1 Qd7 13. d3 b6 14. Bd2
Bh3 15. Bh6 Bxg2 16. Kxg2 f5 17. Bxg7 Kxg7 18. Qa4 Rfd8 19. b4 axb4 20.
axb4 Nxd5 21. Nxd5 Nxb4 22. Qxd7+ Rxd7 23. Nxb4 cxb4 24. Rxb4 Ra7 25. Rfb1
Ra6 26. e3 Kf6 27. d4 exd4 28. exd4 Ke6 29. c5 Kd5 30. cxb6 Rb7 31. Rb5+
Kxd4 32. R1b4+ Kc3 33. Kf3 Ra2 34. h4 d5 35. Rb3+ Kc4 36. R5b4+ Kc5 37. Ke3
Ra5 38. Kd3 Ra2 39. f4 Ra1 40. Rb5+ Kd6 41. Kd4 Rd1+ 42. Kc3 1/2-1/2

[Event "94th ch-GBR"]
[Site "Great Yarmouth ENG"]
[Date "2007.08.03"]
[Round "5"]
[White "Posazhennikov,A"]
[Black "Griffiths,R"]
[Result "1-0"]
[WhiteElo "2247"]
[BlackElo "2046"]
[EventDate "2007.07.30"]

1. d4 Nf6 2. Nc3 d5 3. Bg5 c5 4. Bxf6 gxf6 5. e4 dxe4 6. dxc5 f5 7. f3 Qc7
8. fxe4 Bg7 9. Bb5+ Bd7 10. Qd3 fxe4 11. Bxd7+ Nxd7 12. Qxe4 Bxc3+ 13. bxc3
Nxc5 14. Qf3 Qe5+ 15. Ne2 O-O-O 16. O-O Rd2 17. Nd4 Ne6 18. Rab1 Nd8 19.
Rb5 Qg7 20. Rc5+ Kb8 21. Qf4+ e5 22. Qxd2 exd4 23. Qf4+ 1-0

[Event "94th ch-GBR"]
[Site "Great Yarmouth ENG"]
[Date "2007.08.03"]
[Round "5"]
[White "Smith,G"]
[Black "Roberson,P"]
[Result "0-1"]
[WhiteElo "2129"]
[BlackElo "2209"]
[EventDate "2007.07.30"]

1. e4 c6 2. d4 d5 3. e5 Bf5 4. h4 h5 5. Bd3 Bxd3 6. Qxd3 e6 7. Bg5 Qb6 8.
Nd2 c5 9. Ne2 Nc6 10. c3 Nge7 11. dxc5 Qxc5 12. Qg3 Nf5 13. Qf4 Qb6 14. O-O
Nxe5 15. Nd4 Ng6 16. Qf3 Nxd4 17. cxd4 Be7 18. Bxe7 Nxe7 19. Nb3 Qd6 20.
Rac1 Nf5 21. Rfe1 g6 22. g3 O-O 23. Rc3 Rfc8 24. Rec1 Qd8 25. Kg2 b6 26.
Qd3 Nd6 27. Nd2 Rxc3 28. Rxc3 Rc8 29. Nf3 Ne4 30. Rc2 Kg7 31. Ne5 Nd6 32.
b4 Rxc2 33. Qxc2 Qc8 34. Qd2 Nc4 35. Qg5 Nxe5 36. dxe5 Qd7 37. Kf3 Kg8 38.
Ke3 Qc7 39. g4 Qc1+ 40. Kf3 Qxg5 41. hxg5 0-1

[Event "94th ch-GBR"]
[Site "Great Yarmouth ENG"]
[Date "2007.08.03"]
[Round "5"]
[White "Wilson,A"]
[Black "Sowray,P"]
[Result "0-1"]
[WhiteElo "2066"]
[BlackElo "2352"]
[EventDate "2007.07.30"]

1. e4 e5 2. d4 exd4 3. c3 d5 4. exd5 Qxd5 5. cxd4 Nc6 6. Nf3 Bg4 7. Be2
Bb4+ 8. Nc3 Bxf3 9. Bxf3 Qc4 10. Bxc6+ Qxc6 11. O-O Ne7 12. Qb3 a5 13. a3
Bxc3 14. bxc3 a4 15. Qc2 O-O 16. Rb1 Rfd8 17. Re1 Nd5 18. c4 Nb6 19. d5
Rxd5 20. Qe2 Nxc4 21. Bf4 h6 22. Rbc1 b5 23. Qf3 Rad8 24. Re7 Ne5 0-1

[Event "94th ch-GBR"]
[Site "Great Yarmouth ENG"]
[Date "2007.08.03"]
[Round "5"]
[White "Zhou,Y"]
[Black "Wise,D"]
[Result "1-0"]
[WhiteElo "2069"]
[BlackElo "2189"]
[EventDate "2007.07.30"]

1. e4 e5 2. Nf3 Nc6 3. d4 exd4 4. Nxd4 Bb4+ 5. c3 Bc5 6. Be3 Bb6 7. g3 Nge7
8. Bg2 O-O 9. O-O Nxd4 10. Bxd4 Nc6 11. Bxb6 axb6 12. Nd2 d6 13. Nb3 Be6
14. f4 f6 15. Qc2 Qd7 16. Nd4 Bh3 17. Qb3+ Rf7 18. Bxh3 Qxh3 19. Nxc6 bxc6
20. f5 Re8 21. Rf4 Qh5 22. Qc4 c5 23. Raf1 Qg5 24. a4 Kf8 25. b4 cxb4 26.
cxb4 Re5 27. Qa2 c5 28. a5 Ra7 29. Qd2 Ke7 30. Rd1 bxa5 31. Qxd6+ Kf7 32.
bxc5 Qh5 33. c6 Ree7 34. Rd2 Kg8 35. Qb8+ Kf7 36. Rd8 g5 37. Rf8+ Kg7 38.
Rg8+ Kh6 39. Qf8+ Rg7 40. Qxf6+ Rg6 41. fxg6 Qxg6 1-0

[Event "94th ch-GBR"]
[Site "Great Yarmouth ENG"]
[Date "2007.08.03"]
[Round "5"]
[White "Stokes,I"]
[Black "Spence,D"]
[Result "1/2-1/2"]
[WhiteElo "2055"]
[BlackElo "2183"]
[EventDate "2007.07.30"]

1. e4 e6 2. d4 d5 3. Nd2 Nf6 4. e5 Nfd7 5. f4 c5 6. c3 Nc6 7. Ndf3 Qb6 8.
a3 a5 9. b3 f6 10. Bd3 Be7 11. h4 Nf8 12. Ne2 Bd7 13. O-O cxd4 14. cxd4 Ng6
15. exf6 Bxf6 16. h5 Nge7 17. Kh1 Nf5 18. Bxf5 exf5 19. Ne5 Be6 20. Qd3 O-O
21. Be3 Rac8 22. Rab1 Qd8 23. Rfc1 Qe8 24. Ng3 Bxe5 25. dxe5 d4 26. Bf2 Qe7
27. Ne2 Qxa3 28. Nxd4 Rfd8 29. Rd1 Nxd4 30. Bxd4 Qb4 31. Qd2 Qb5 32. Qe3
Rc2 33. Qd3 Qxd3 34. Rxd3 Bd5 35. Rg1 Be4 36. Rdd1 Kf7 37. Kh2 b5 38. Kg3
a4 39. bxa4 bxa4 40. Bf2 Bd5 41. Rd3 Ke6 42. Rb1 Rdc8 43. Rb5 Be4 44. Rb6+
Ke7 45. Ra3 R8c3+ 46. Rxc3 Rxc3+ 47. Kh2 Bc6 48. Ra6 Ke6 49. Ra7 a3 50.
Rxg7 a2 51. Ra7 Rc2 52. Kg3 h6 53. Ra3 Bd5 54. Ra6+ Kd7 55. Bd4 Rxg2+ 56.
Kh3 Rd2 57. Ba1 Rd1 58. Bb2 Rd2 59. Ba1 Rd3+ 60. Kh4 Rd1 61. Bb2 Rb1 62.
Rd6+ Ke7 63. Rxd5 Rxb2 64. Ra5 Rg2 65. Kh3 1/2-1/2

[Event "94th ch-GBR"]
[Site "Great Yarmouth ENG"]
[Date "2007.08.03"]
[Round "5"]
[White "Tippleston,C"]
[Black "Dossett,C"]
[Result "1-0"]
[WhiteElo "2178"]
[BlackElo "2001"]
[EventDate "2007.07.30"]

1. e4 c5 2. c3 d5 3. exd5 Qxd5 4. d4 Nf6 5. Nf3 e6 6. Be2 Nc6 7. O-O Be7 8.
c4 Qd8 9. dxc5 Bxc5 10. Qxd8+ Kxd8 11. Nc3 b6 12. Bf4 Bb7 13. Rad1+ Ke7 14.
Na4 Rhd8 15. Nxc5 bxc5 16. Be3 Rxd1 17. Rxd1 Nd7 18. Ng5 f6 19. Ne4 Nd4 20.
Nxc5 Nxe2+ 21. Kf1 Nxc5 22. Bxc5+ Ke8 23. Kxe2 Rc8 24. b4 a5 25. a3 axb4
26. axb4 Ra8 27. Be3 Ra2+ 28. Bd2 g5 29. f3 h5 30. Rc1 f5 31. h4 g4 32.
fxg4 hxg4 33. g3 e5 34. c5 Bc6 35. Kd3 Be4+ 36. Ke3 Bc6 37. Bc3 Ra3 38. Kd2
Ra2+ 39. Rc2 Rxc2+ 40. Kxc2 e4 41. Bd2 Kf7 42. Kc3 1-0

[Event "94th ch-GBR"]
[Site "Great Yarmouth ENG"]
[Date "2007.08.03"]
[Round "5"]
[White "McEwan,K"]
[Black "Jain,A2"]
[Result "1-0"]
[WhiteElo "2170"]
[BlackElo "2002"]
[EventDate "2007.07.30"]

1. e4 c5 2. Nc3 e6 3. g3 d5 4. d3 dxe4 5. Nxe4 Bd7 6. Nf3 Bc6 7. Ne5 Bd5 8.
Bg2 Nd7 9. Nxd7 Qxd7 10. O-O Be7 11. Qg4 g6 12. Qe2 Nf6 13. Bh6 O-O-O 14.
Bg7 Bxe4 15. dxe4 Rhg8 16. Bxf6 Bxf6 17. e5 Be7 18. a4 a5 19. Ra3 c4 20.
Rf3 Rgf8 21. Qxc4+ Qc7 22. Qe4 Rd5 23. Rc3 Bc5 24. Re1 Rfd8 25. Bf3 Rd4 26.
Rxc5 Rxe4 27. Rxc7+ Kxc7 28. Bxe4 1-0

[Event "94th ch-GBR"]
[Site "Great Yarmouth ENG"]
[Date "2007.08.03"]
[Round "5"]
[White "Van Kemenade,R"]
[Black "Armstrong,M"]
[Result "1-0"]
[WhiteElo "2032"]
[BlackElo "2126"]
[EventDate "2007.07.30"]

1. f4 d5 2. Nf3 Nf6 3. g3 g6 4. Bg2 Bg7 5. O-O O-O 6. d3 c6 7. h3 Nbd7 8.
Qe1 Qc7 9. e4 dxe4 10. dxe4 b6 11. e5 Ne8 12. g4 Ba6 13. Rf2 e6 14. Nc3 Bc4
15. b3 Bd5 16. Ne4 f6 17. exf6 Nexf6 18. Nxf6+ Bxf6 19. Rb1 Rae8 20. c4
Bxf3 21. Rxf3 Bd4+ 22. Kh1 e5 23. f5 Rf7 24. fxg6 hxg6 25. Rxf7 Kxf7 26.
Qe4 Rh8 27. Bg5 Kg7 28. Rf1 Qd6 29. h4 Qe6 30. Kh2 Rf8 31. Rxf8 Kxf8 32.
Qxc6 Qxg4 33. Qxg6 Qe2 34. Qf5+ Ke8 35. Qe6+ 1-0

[Event "94th ch-GBR"]
[Site "Great Yarmouth ENG"]
[Date "2007.08.03"]
[Round "5"]
[White "Grigoryan Lyell,M"]
[Black "White,E"]
[Result "0-1"]
[WhiteElo "2048"]
[BlackElo "1969"]
[EventDate "2007.07.30"]

1. g4 d5 2. e3 c5 3. Bg2 Nc6 4. b3 e5 5. Bb2 Be6 6. d3 Qd7 7. h3 O-O-O 8.
Nd2 Nge7 9. Qe2 Kb8 10. f4 exf4 11. exf4 f5 12. g5 Ng6 13. Qf2 Bd6 14. Ne2
Nb4 15. Kd1 Qc7 16. a3 Nc6 17. Rf1 Rhe8 18. h4 d4 19. h5 Nge7 20. Nc4 Bd5
21. Bh3 Bf7 22. Nxd6 Rxd6 23. Ng3 g6 24. h6 Nd5 25. Kc1 Rde6 26. Kb1 Qa5
27. Ka2 Nc3+ 28. Bxc3 Qxc3 29. Ne4 fxe4 30. Bxe6 Rxe6 31. dxe4 d3 32. Rac1
Nb4+ 33. Kb1 dxc2+ 34. Rxc2 Nxc2 35. Qxc2 Qxc2+ 36. Kxc2 Rxe4 37. f5 gxf5
38. Rxf5 Bg6 39. Rf8+ Re8+ 0-1

[Event "94th ch-GBR"]
[Site "Great Yarmouth ENG"]
[Date "2007.08.04"]
[Round "6"]
[White "Conquest,S"]
[Black "Haslinger,S"]
[Result "0-1"]
[WhiteElo "2546"]
[BlackElo "2468"]
[EventDate "2007.07.30"]

1. e4 e5 2. Nf3 Nc6 3. Bb5 a6 4. Ba4 Nf6 5. d3 d6 6. c3 g6 7. O-O Bg7 8.
Re1 O-O 9. Nbd2 Bd7 10. Nf1 Qe8 11. Bc2 Nh5 12. d4 Kh8 13. Ne3 Rc8 14. a3
f5 15. exf5 gxf5 16. Nh4 Ne7 17. dxe5 dxe5 18. Nc4 Nc6 19. Bg5 Be6 20. Qe2
Qf7 21. Nd2 Rce8 22. Rad1 e4 23. f3 h6 24. Be3 Bf6 25. g3 f4 26. Bc5 Rg8
27. Ng2 fxg3 28. Nxe4 gxh2+ 29. Kxh2 Be5+ 30. Kh1 Nf4 31. Nxf4 Qxf4 32. Qf2
Qf5 0-1

[Event "94th ch-GBR"]
[Site "Great Yarmouth ENG"]
[Date "2007.08.04"]
[Round "6"]
[White "Arakhamia,K"]
[Black "Hebden,M"]
[Result "1/2-1/2"]
[WhiteElo "2418"]
[BlackElo "2540"]
[EventDate "2007.07.30"]

1. e4 e5 2. Nf3 Nc6 3. Bb5 a6 4. Ba4 Nf6 5. d3 b5 6. Bb3 Be7 7. a4 Bb7 8.
O-O O-O 9. Re1 d6 10. Nbd2 Qd7 11. c3 Rae8 12. axb5 axb5 13. Nf1 Bd8 14. c4
bxc4 15. dxc4 Nb4 16. Ng3 c5 17. Ba4 Bc6 18. Bxc6 Qxc6 19. Bg5 Re6 20. Qb3
Nd7 21. Nf5 g6 22. Bxd8 Rxd8 23. Nh6+ Kg7 24. Nxf7 Rf8 25. N7g5 Ref6 26.
Nd2 h6 27. Ngf3 R8f7 28. Ra7 Nf8 29. Rxf7+ Rxf7 30. Ra1 Qc8 31. Qa4 Nd3 32.
Qa8 Qxa8 33. Rxa8 Nxb2 34. Ra6 Rd7 35. Ne1 Ne6 36. Nc2 Nd3 37. Ne3 Nb4 38.
Ra8 Nd4 39. f3 Rb7 40. Rd8 Nd3 41. h4 Rb2 42. Nef1 Ne2+ 43. Kh2 Ne1 44.
Rd7+ Kf8 45. Rxd6 Nf4 46. h5 gxh5 47. Rxh6 Nexg2 48. Rc6 Ne1 49. Kg3 Ned3
50. Kh4 Kf7 51. Kg5 Rc2 52. Ra6 Rc1 53. Ra2 Re1 54. Ng3 Rg1 55. Ndf1 Ne1
56. Ra3 Neg2 57. Kf5 h4 58. Ra7+ Ke8 59. Kxe5 Nd3+ 60. Kf6 Ngf4 61. Ra8+
Kd7 62. Ra7+ Kc6 63. Nf5 Kb6 64. Ra8 Rxf1 65. Nxh4 Rh1 66. Nf5 Rh3 67. e5
Nh5+ 68. Kg5 Nxe5 69. Rh8 Nf7+ 70. Kg4 Nxh8 71. Kxh3 Nf4+ 72. Kg4 Nhg6 73.
Nd6 Ka5 74. Kf5 Kb4 75. Kg5 Kc3 76. Kf5 Kd3 77. Kg5 Ke3 78. Ne4 Kd4 79. Nd6
Kd3 80. Kf5 Ke3 81. Ne4 Nh4+ 82. Kg4 Nxf3 83. Nxc5 Nd4 84. Nd7 Nd3 85. c5
Nf2+ 86. Kg5 Ne4+ 87. Kg6 Nc6 88. Kf5 Kd4 89. Ke6 Nxc5+ 90. Nxc5 1/2-1/2

[Event "94th ch-GBR"]
[Site "Great Yarmouth ENG"]
[Date "2007.08.04"]
[Round "6"]
[White "Gormally,D"]
[Black "Oswald,G"]
[Result "1-0"]
[WhiteElo "2509"]
[BlackElo "2147"]
[EventDate "2007.07.30"]

1. e4 c5 2. Nf3 d6 3. d4 cxd4 4. Nxd4 Nf6 5. Nc3 a6 6. Be3 Ng4 7. Bc1 Nf6
8. Be2 e5 9. Nb3 Be7 10. Be3 O-O 11. O-O Be6 12. a4 Nc6 13. Qd2 d5 14. exd5
Nxd5 15. Nxd5 Qxd5 16. Rad1 Qxd2 17. Nxd2 Nd4 18. Bxd4 exd4 19. Nf3 Bf6 20.
Nxd4 Bd7 21. a5 Rac8 22. c3 Rc5 23. Nb3 Rc7 24. Rd6 Bc6 25. Bf3 Bxf3 26.
gxf3 Re8 27. Rfd1 Kf8 28. Kf1 Re5 29. R6d5 Ke7 30. Nc1 Ke6 31. Rxe5+ Bxe5
32. h3 Rc5 33. Nd3 Rxa5 34. b4 Ra3 35. Re1 f6 36. f4 Rxc3 37. Nc5+ Kf5 38.
fxe5 fxe5 39. Re3 Rc4 40. Rf3+ Kg6 41. Nd3 Kh6 42. Rg3 g6 43. b5 e4 44. Ne5
Rc1+ 45. Kg2 axb5 46. Rb3 Kg5 47. Rxb5 Kf4 48. Nd7 Rc2 49. Nf6 Rd2 50. Rb4
Ke5 51. Ng4+ Kf4 52. Rxb7 h5 53. Rf7+ Kg5 54. Nf6 Rd4 55. Nh7+ Kh6 56. h4
e3 57. Nf8 Rxh4 58. f4 g5 59. Rh7+ 1-0

[Event "94th ch-GBR"]
[Site "Great Yarmouth ENG"]
[Date "2007.08.04"]
[Round "6"]
[White "Gordon,S"]
[Black "Ward,C"]
[Result "1/2-1/2"]
[WhiteElo "2487"]
[BlackElo "2439"]
[EventDate "2007.07.30"]

1. d4 e6 2. c4 b6 3. a3 Bb7 4. Nc3 f5 5. Nf3 Nf6 6. d5 Be7 7. g3 O-O 8. Bg2
Ne4 9. Bd2 Bf6 10. Rc1 c6 11. dxe6 dxe6 12. Qc2 c5 13. O-O Nxd2 14. Nxd2
Bxg2 15. Kxg2 Nc6 16. e3 Qe7 17. f4 Rad8 18. Nf3 Rd6 19. Rcd1 Rfd8 20. Rxd6
Rxd6 21. Rd1 Bxc3 1/2-1/2

[Event "94th ch-GBR"]
[Site "Great Yarmouth ENG"]
[Date "2007.08.04"]
[Round "6"]
[White "Briscoe,C"]
[Black "Williams,Si1"]
[Result "0-1"]
[WhiteElo "2224"]
[BlackElo "2480"]
[EventDate "2007.07.30"]

1. e4 e6 2. d4 d5 3. Nc3 Bb4 4. e5 c5 5. a3 Bxc3+ 6. bxc3 Ne7 7. Nf3 Nbc6
8. Bd3 Qa5 9. Bd2 c4 10. Bf1 Bd7 11. g3 f6 12. exf6 gxf6 13. Bh3 O-O-O 14.
O-O Ng6 15. Bh6 Rhg8 16. a4 Qxc3 17. Bd2 Qb2 18. Rb1 Qa3 19. Re1 e5 20. Re3
Qd6 21. Bxd7+ Qxd7 22. Bc3 e4 23. Ne1 f5 24. Kh1 f4 25. gxf4 Nxf4 26. Rg3
Rxg3 27. fxg3 Nh3 28. Qh5 Nf2+ 29. Kg2 Rf8 30. Bd2 Rf5 31. Qh4 Qf7 32. Bf4
Rh5 33. Qxh5 Qxh5 34. Kxf2 Nxd4 35. Ng2 Qf3+ 36. Kg1 Ne2+ 37. Kh1 Nxf4 38.
gxf4 e3 39. c3 e2 40. Kg1 Qxc3 0-1

[Event "94th ch-GBR"]
[Site "Great Yarmouth ENG"]
[Date "2007.08.04"]
[Round "6"]
[White "Flear,G"]
[Black "Rudd,J"]
[Result "1-0"]
[WhiteElo "2479"]
[BlackElo "2370"]
[EventDate "2007.07.30"]

1. d4 Nf6 2. c4 c5 3. d5 e6 4. Nc3 exd5 5. cxd5 d6 6. Nf3 g6 7. Bf4 Bg7 8.
Qa4+ Bd7 9. Qb3 Qc7 10. e4 O-O 11. Be2 Re8 12. Nd2 a6 13. a4 Bg4 14. f3 Nh5
15. Be3 Bc8 16. Nc4 Nd7 17. g4 Nhf6 18. Bf4 Bf8 19. a5 Rb8 20. Na4 Nxe4 21.
fxe4 Rxe4 22. Qg3 Ne5 23. Bxe5 dxe5 24. Nc3 Rf4 25. O-O-O Bxg4 26. d6 Qd8
27. Qxf4 exf4 28. Bxg4 Bg7 29. Rhe1 h5 30. Bf3 Bd4 31. Re7 Kf8 32. Bd5 Qxe7
33. dxe7+ Kxe7 34. Ne2 Bf6 35. Nxf4 Bg5 36. Rf1 Rd8 37. Nb6 f5 38. Kc2 Kf6
39. Nd3 Re8 40. Re1 Rxe1 41. Nxe1 Bf4 42. h4 g5 43. hxg5+ Kxg5 44. Bxb7 h4
45. Bxa6 h3 46. Bb7 1-0

[Event "94th ch-GBR"]
[Site "Great Yarmouth ENG"]
[Date "2007.08.04"]
[Round "6"]
[White "Constantinou,P"]
[Black "Howell,D"]
[Result "0-1"]
[WhiteElo "2173"]
[BlackElo "2519"]
[EventDate "2007.07.30"]

1. g3 e5 2. Bg2 d5 3. d3 g6 4. Nf3 Bg7 5. O-O Ne7 6. e4 d4 7. c4 c5 8. Na3
a6 9. Nc2 b5 10. Nd2 Nbc6 11. f4 Ra7 12. b3 f6 13. f5 Bd7 14. Nf3 Nc8 15.
Nh4 N6e7 16. Bd2 Nd6 17. Qe2 Rb7 18. h3 Bc6 19. g4 bxc4 20. bxc4 Nxc4 21.
dxc4 d3 22. Qf2 dxc2 23. Be3 Qd3 24. Rac1 Ba4 25. Nf3 Qxc4 26. Bxc5 Nc6 27.
g5 Rb5 28. Be3 Rf8 29. Qh4 gxf5 30. Qxh7 f4 31. Bf2 Qg8 32. Qf5 Ne7 33. Qg4
fxg5 34. Nxg5 Bf6 35. h4 Qg6 36. Qh3 Bxg5 37. hxg5 Rb7 38. Qa3 Qc6 39. Bf3
Rg8 40. Bh5+ Kf8 41. g6 Rxg6+ 42. Bxg6 Qxg6+ 43. Kh2 Qh5+ 44. Kg1 Kg8 45.
Qxa4 Qg4+ 46. Kh2 Nc6 47. Qb3+ Rxb3 48. axb3 Qh5+ 49. Kg2 Nb4 0-1

[Event "94th ch-GBR"]
[Site "Great Yarmouth ENG"]
[Date "2007.08.04"]
[Round "6"]
[White "Ciuksyte,D"]
[Black "Hanley,Ja"]
[Result "1-0"]
[WhiteElo "2426"]
[BlackElo "2213"]
[EventDate "2007.07.30"]

1. e4 c5 2. Nf3 d6 3. d4 cxd4 4. Nxd4 Nf6 5. Nc3 g6 6. Be3 Bg7 7. f3 a6 8.
Qd2 Nbd7 9. O-O-O b5 10. Bh6 Bxh6 11. Qxh6 Bb7 12. h4 b4 13. Nd5 e5 14.
Nxf6+ Qxf6 15. Nb3 Ke7 16. Na5 Nc5 17. Qg5 Rhd8 18. Bc4 h5 19. Bd5 Qxg5+
20. hxg5 Bxd5 21. exd5 Kd7 22. Rh4 Re8 23. Rxb4 e4 24. f4 e3 25. Re1 e2 26.
Nc4 a5 27. Rb6 Re4 28. Nxd6 Rxf4 29. Rxe2 Ra6 30. Rxa6 Nxa6 31. Ne4 Nb4 32.
c4 Nxa2+ 33. Kd2 Nb4 34. Ke3 Rf5 35. Kd4 1-0

[Event "94th ch-GBR"]
[Site "Great Yarmouth ENG"]
[Date "2007.08.04"]
[Round "6"]
[White "Barrett,S"]
[Black "Rendle,T"]
[Result "1/2-1/2"]
[WhiteElo "2219"]
[BlackElo "2416"]
[EventDate "2007.07.30"]

1. d4 f5 2. g3 Nf6 3. Bg2 g6 4. c4 Bg7 5. Nc3 d6 6. Nh3 e5 7. dxe5 dxe5 8.
Qxd8+ Kxd8 9. e4 h6 10. f4 Nc6 1/2-1/2

[Event "94th ch-GBR"]
[Site "Great Yarmouth ENG"]
[Date "2007.08.04"]
[Round "6"]
[White "Buckley,G"]
[Black "Makepeace,P"]
[Result "1-0"]
[WhiteElo "2379"]
[BlackElo "1978"]
[EventDate "2007.07.30"]

1. d4 c5 2. d5 f5 3. h3 d6 4. g4 Nf6 5. Nc3 fxg4 6. hxg4 Bxg4 7. f3 Bd7 8.
e4 e5 9. dxe6 Bxe6 10. Nh3 Be7 11. Nf4 Bf7 12. Be3 g5 13. Nh3 Nh5 14. Qd2
Ng3 15. Bb5+ Nc6 16. Rg1 g4 17. Ng5 h6 18. Nxf7 Kxf7 19. O-O-O Bh4 20. Bf4
Nd4 21. Bxg3 gxf3 22. Qf4+ Bf6 23. Bh4 1-0